000
00333nam a2200145Ia 4500
003
OSt
005
20240330162738.0
008
170524s9999 xx 000 0 und d
020
_a
978-8120338487
040
_c
IIMT UNIVERSITY
100
_a
Kaul Asha
245
0
_a
Business Communication
260
_a
New Delhi:PHI
942
_2
ddc
_c
02
999
_c
3069
_d
3069